000 00658nam a2200241Ia 4500
003 OSt
005 20220918222120.0
006 a|||||r|||| 00| 0
007 ta
008 220917b |||||||| |||| 00| 0 eng d
024 _a215,773
037 _cTextual
040 _aARTS
_cARTS
_beng
041 _2eng
_aeng
082 _aSN1:65:(X:8), N8
100 _aPinder Craig C.
_9142260
245 0 _aWork motivation in organizational behavior
260 _aNew Jersey
_b Prentice Hall
_c1998
300 _axvi, 544 p
_ccm.
650 _aPSYCHOLOGY
942 _hSN1:65:(X:8), N8
_cTEXL
_2CC
999 _c274627
_d274627